Statistics for Top 10 biggest empires in the world

Click here to take the quiz!

General Stats

  • This quiz has been taken 39 times
  • The average score is 5 of 10

Answer Stats

Answer% Correct
british empire
100%
mongol empire
81%
spanish empire
73%
russian empire
70%
qing dynasty
46%
umayyad caliphate
32%
abbasid caliphate
30%
second french colonial empire
30%
yuan dynasty
19%
xiongnu empire
14%

Score Distribution

Percentile by Number Answered

Percent of People with Each Score

Your Score History

You have not taken this quiz